Представление документа в формате RUSMARC

ПолеНазваниеЗначение
  Тип записи a
  Библиографический уровень m
001 Контрольный номер ba2f45bdd7ef477c9f6ddc89eb5f55cc
005 Дата корректировки 20150204112051.2
010 Индекс ISBN __
a ISBN 978-5-9916-4834-9
d Цена 429,00
101 Язык документа 0_
a Язык текста rus
102 Страна публикации __
a Страна публикации RU
200 Заглавие и сведения об ответственности 1_
a Заглавие Мировая экономика и международные экономические отношения
b Общее обозначение материала Текст
210 Выходные данные 1_
a Место издания М.
c Издательство Юрайт
d Дата издания 2015
686 Индексы других классификаций __
a Классификационный индекс 65.5
701 Альтернативная интеллектуальная ответственность _1
a Фамилия Щенин
b Имя Р.К.
801 Источник записи _0
a Страна RU
b Организация РУК
g Правила каталогизации PSBO
801 Источник записи _1
a Страна RU
b Организация РУК
g Правила каталогизации PSBO
852 Данные о местонахождении __
i Авторский знак М 64
j Шифр хранения ББК 65.5
901 Тип документа __
t Тип документа m
937 Технологическая информация __
a Создатель записи (имя) Токаренко
938 Служебная информация __
a Название организации Краснодарский филиал
952 Тип литературы __
c Вид литературы учебник